"Los animales enseñaron el camino..." : la fauna de la Sierra Gorda queretana a través de sus representaciones cerámicas arqueológicas /

This volume examines the past fauna of the Sierra Gorda region of Mexico, declared a 'Biosphere Reserve' in 1997 by presidential decree, and its representation in archaeological ceramics. These representations are then related to the oral traditions of the inhabitants of the region that ha...

وصف كامل

محفوظ في:

المؤلفون الرئيسيون: Muñoz Espinosa, María Teresa (مؤلف), Castañeda, José Carlos (مؤلف)

التنسيق: كتاب الكتروني

اللغة: Spanish

منشور في: Oxford : Archaeopress Publishing Ltd, [2021]

سلاسل: Access archaeology.

الموضوعات:

الوصول للمادة أونلاين: Login to view Source

الوسوم: إضافة وسم

لا توجد وسوم, كن أول من يضع وسما على هذه التسجيلة!

رقم الطلب: F1391.Q4

LEADER 02370nam a2200493 i 4500
001 EDZ0002409966
003 StDuBDS
005 20230412183020.0
006 m|||||o||d||||||||
007 cr |||||||||||
008 210125t20212021enkab fob 000|0|spa|d
020 |a 9781789698602 (PDF ebook) :  |c No price 
040 |a StDuBDS  |b eng  |c StDuBDS  |e rda  |e pn 
050 4 |a F1391.Q4 
082 0 4 |a 972.45  |2 23 
100 1 |a Muñoz Espinosa, María Teresa,  |e author. 
245 1 5 |a "Los animales enseñaron el camino..." :  |b la fauna de la Sierra Gorda queretana a través de sus representaciones cerámicas arqueológicas /  |c María Teresa Muñoz Espinosa, Jose Carlos Castañeda Reyes. 
264 1 |a Oxford :  |b Archaeopress Publishing Ltd,  |c [2021] 
264 4 |c ©2021 
300 |a 1 online resource (iv, 83 pages) :  |b illustrations (black and white, and colour), maps (black and white). 
336 |a text  |2 rdacontent 
336 |a still image  |2 rdacontent 
336 |a cartographic image  |2 rdacontent 
337 |a computer  |2 rdamedia 
338 |a online resource  |2 rdacarrier 
490 1 |a Access archaeology 
500 |a Also issued in print: 2021. 
504 |a Includes bibliographical references. 
506 0 |a Open access. 
520 8 |a This volume examines the past fauna of the Sierra Gorda region of Mexico, declared a 'Biosphere Reserve' in 1997 by presidential decree, and its representation in archaeological ceramics. These representations are then related to the oral traditions of the inhabitants of the region that have been preserved until now. 
521 |a Specialized. 
588 |a Description based on online resource; title from PDF title page (viewed on March 1, 2021). 
651 0 |a Querétaro (Mexico : State)  |x Antiquities. 
651 0 |a Sierra Gorda (Mexico)  |x Antiquities. 
650 0 |a Excavations (Archaeology)  |z Mexico  |z Querétaro (State) 
650 0 |a Pottery  |z Mexico  |z Querétaro (State) 
650 0 |a Animals  |z Mexico  |z Querétaro (State) 
700 1 |a Castañeda, José Carlos,  |e author. 
776 0 8 |i Print version :  |z 9781789698596 
830 0 |a Access archaeology. 
856 4 0 |3 Archaeopress  |u http://library.arce.org:8087/Archaeopress/Products/9781789698596 
942 |2 lcc  |c EBOOK 
952 |0 0  |1 0  |4 0  |6 F1391 Q4  |7 1  |9 46797  |a ARCH  |b ARCH  |d 2023-04-12  |l 0  |o F1391.Q4  |r 2023-04-12 00:00:00  |w 2023-04-12  |y EBOOK 
999 |c 52455  |d 52455